Microencapsulación de fitoesteroles mediante secado por atomización /
Guardado en:
| Otros Autores: | , , |
|---|---|
| Formato: | Manuscrito |
| Idioma: | Spanish |
| Publicado: |
2016.
|
| Materias: | |
| Etiquetas: |
Agregar Etiqueta
Sin Etiquetas, Sea el primero en etiquetar este registro!
|
| LEADER | 01115ntm a22002535a 4500 | ||
|---|---|---|---|
| 001 | EIQ.libpla004610 | ||
| 008 | 170209s2016####ag#######bm###000#0#spa#d | ||
| 005 | 20170213144605.0 | ||
| 245 | 1 | 0 | |a Microencapsulación de fitoesteroles mediante secado por atomización / |c Carla Agustina Di Battista. |
| 260 | |c 2016. | ||
| 300 | |a DVD, xi, 302 p. : |b il. col. ; |c 12 cm. | ||
| 502 | |a Tesis (doctoral)--Universidad Nacional del Sur. Departamento de Ingeniería Química, 2016. | ||
| 500 | |a "Tesis de Doctor en Ingeniería Química". | ||
| 500 | |a Directoras de tesis: Juliana Piña y Diana Teresita Constenla. | ||
| 504 | |a Incluye referencias bibliográficas. | ||
| 538 | |a 1 DVD | ||
| 530 | |a Disponible en formato digital | ||
| 100 | 1 | |a Di Battista, Carla Agustina. |4 dis | |
| 700 | 1 | |a Piña, Juliana. |4 ths | |
| 700 | 1 | |a Constenla, Diana. |4 ths | |
| 710 | 2 | |a Universidad Nacional del Sur. |b Departamento de Ingeniería Química |4 dgg. | |
| 650 | 7 | |a Microencapsulación |x Fitoesteroles |x Tecnología alimentaria | |
| 650 | 7 | |a Microencapsulation |x Phytosterols |x Food technology | |
| 859 | |a AR-BbSID |b BIB. PLAPIQUI |h 615.19 |i D544 |p 6505 | ||
